000 00569cam a2200169 4500500
005 20260405001557.0
041 _afre
042 _adc
100 1 0 _aWilliams, Patrick
_eauthor
245 0 0 _aYves Michaud: « Remplir son identité de moments ne pouvant être partagés par tous »
260 _c2013.
500 _a36
690 _aLuxe
690 _aYves Michaud
786 0 _nPhilosophie magazine | 73 | 10 | 2013-10-01 | p. 8-8 | 1951-1787
856 4 1 _uhttps://shs.cairn.info/magazine-philosophie-magazine-2013-10-page-8?lang=fr&redirect-ssocas=7080
999 _c2048968
_d2048968